| 000 | 00651nam a22001937a 4500 | ||
|---|---|---|---|
| 005 | 20251108172237.0 | ||
| 008 | 250721s2000 xx 000 0 ara d | ||
| 082 | 1 | 4 | _a216.4/سبط |
| 100 | 1 |
_aسبط المارديني، بدر الدين محمد بن ... _eمؤلف |
|
| 245 | 1 | 0 | _aشرح الرحبية في علم الفرائض / |
| 264 | 1 |
_aبيروت : _bدار الكتب العلمية، _c2000. |
|
| 300 | _a112ص | ||
| 650 | 1 | 7 | _aالإسلام |
| 650 | 1 | 7 | _aالمسيرات |
| 650 | 1 | 7 | _aأصحاب الفرائض |
| 700 | 1 |
_aالمزيدي، أحمد بن فريد بن أحمد _eمحقق |
|
| 942 |
_2ddc _cBK |
||
| 999 |
_c74072 _d74072 |
||